Central Library OPAC University of Rajshahi

Tribal, non-tribal divide : (Record no. 57738)

MARC details
000 -LEADER
fixed length control field 00860nam a2200253 a 4500
001 - CONTROL NUMBER
control field 57738
003 - CONTROL NUMBER IDENTIFIER
rucl marc code BD-RjUL
005 - DATE AND TIME OF LATEST TRANSACTION
control field 20211209080539.0
008 - FIXED-LENGTH DATA ELEMENTS--GENERAL INFORMATION
fixed length control field 161211s2007 ii g b 000 e eng d
035 ## - SYSTEM CONTROL NUMBER
System control number (BD-RjUL) 57862
040 ## - CATALOGING SOURCE
Original cataloging agency DKAGE
Language of cataloging eng
Transcribing agency DKAGE
Modifying agency OCLCQ
-- BD-RjUL
041 ## - LANGUAGE CODE
Language code of text/sound track or separate title eng
082 04 - DEWEY DECIMAL CLASSIFICATION NUMBER
Classification number 398.20954133
Edition number 23
Author mark and year PAT 2007
100 1# - MAIN ENTRY--PERSONAL NAME
Personal name Pasayat, Chitrasen.
9 (RLIN) 171468
245 10 - TITLE STATEMENT
Title Tribal, non-tribal divide :
Remainder of title myth and reality /
Statement of responsibility, etc. Chitrasen Pasayat.
260 ## - PUBLICATION, DISTRIBUTION, ETC. (IMPRINT)
Place of publication, distribution, etc. Bhubaneswar :
Name of publisher, distributor, etc. Sarmistha Barik,
Date of publication, distribution, etc. 2007.
300 ## - PHYSICAL DESCRIPTION
Pagination viii, 176 p. ;
Size 21 cm.
500 ## - GENERAL NOTE
General note Essays; previously published.
504 ## - BIBLIOGRAPHY, ETC. NOTE
Bibliography, etc Includes bibliographical references.
650 #0 - SUBJECT ADDED ENTRY--TOPICAL TERM
Topical term or geographic name as entry element Oral tradition
Geographic subdivision India
-- Odisha.
9 (RLIN) 171469
Topical term or geographic name as entry element Tribes
Geographic subdivision India
-- Odisha
General subdivision Social life and customs.
9 (RLIN) 171470
651 #0 - SUBJECT ADDED ENTRY--GEOGRAPHIC NAME
Geographic name Odisha (India)
General subdivision Religious life and customs.
9 (RLIN) 171471
942 ## - ADDED ENTRY ELEMENTS (KOHA)
Source of classification or shelving scheme Dewey Decimal Classification
Koha item type Books
Holdings
Lost status Source of classification or shelving scheme Damaged status Not for loan Collection code Permanent Location Current Location Shelving location Date acquired Source of acquisition Cost, normal purchase price Total Checkouts Full call number Date last seen Copy number Koha item type
  Dewey Decimal Classification   Not For Loan Non-fiction Central Library, University of Rajshahi Central Library, University of Rajshahi Reading Room 12/04/2010 Sarmistha Book, Bhubaneswar 130.00   398.20954133 PAT 2007 11/12/2016 C-1 Books